000
00228nam a2200097Ia 4500
001
681721
005
20250826161405.0
008
250824s9999 xx 000 0 und d
245
0
_a
GÜLÜCÜK
_c
CAHİT ZARİFOĞLU
260
_b
BEYAN
999
_c
681721
_d
681721